Переписка секретаря экспедиции Н. Кудрявцева с турецким посольством по поводу приема в посольстве

Доступно только в Электронных читальных залах Найти на картеНа карте
RUSMARC
00003731nmc2a22002533x 450
0017b5af89b-c8d5-4ac9-b8c3-c6689544e0f3
00520250813100542.0
100##$a20250410l18701870k l0rusy0189 ca
1010#$arus
$afre
102##$aRU
105##$ay###
1222#$ad
2001#$aПереписка секретаря экспедиции Н. Кудрявцева с турецким посольством по поводу приема в посольстве
$j1870 г.
215##$a8 л.
$d36,5х26 см
251##$cДело
300##$aНа обложке указано: "Экспедиция церемониальных дел Министерства императорского двора"
300##$aНа русском и французском языках
371##$aДокумент не является опубликованным и широко распространяемым
461#0$10011beca410-31e9-4f28-916a-592ca9443f69
$12001
$aЦеремониальная часть Министерства императорского двора
$1251
$cФонд
$1852
$j473
462#0$1001a54d7da2-27dc-4d4e-832c-8830aaafd738
$12001
$aЦеремониальная часть Министерства императорского двора
$1251
$cОпись
$1852
$j3
801#0$aRU
$bРГИА
$c20250410
$gRCR
801#1$aRU
$bГлавНИВЦ
$c20250410
$2rusmarc
801#2$aRU
$bПБ им. Б.Н. Ельцина
$c20250813
$gRCR
$2rusmarc
850##$aРГИА
852##$aРГИА
$eФедеральное казенное учреждение "Российский государственный исторический архив" (РГИА)
$j339
937##$hРГИА
$d12423574
$aASBIBLIO_SCAN
035##$aRusGRCC00084647
856##$uhttp://readingroom.main.prlib.ru/item.aspx?id_node=n197867762&mode=full
Формат отображения